Detalles MARC
| 000 -LIDER |
| fixed length control field |
01387nam a2200373 a 4500 |
| 001 - NÚMERO DE CONTROL |
| Identificador de número de control |
000015080 |
| 003 - IDENTIFICACDOR DE NÚMERO DE CONTROL |
| control field |
DO-SdBNP |
| 005 - DATE AND TIME OF LATEST TRANSACTION |
| control field |
20180320105828.0 |
| 007 - CAMPOS FIJOS DE DESCRIPCIÓN FÍSICA |
| fixed length control field |
000015080 |
| 008 - ELEMENTOS DE LONGITUD FIJA |
| fixed length control field |
100201s2001 dr 000 j spa d |
| 020 ## - ISBN |
| International Standard Book Number |
9993454060 |
| 040 ## - FUENTE DE CATALOGACIÓN |
| Agencia que crea de manera original el registro |
BPMSU |
| Idioma de catalogación |
spa |
| Agencia que realiza la transcripción |
BPMSU |
| 049 ## - LOCAL HOLDINGS (OCLC) |
| Holding library |
BNPD |
| 092 ## - LOCALLY ASSIGNED DEWEY DECIMAL CALL NUMBER |
| Número de clasificación |
RD863.44 |
| Número de ítem (Cutter) |
J91P |
| 245 00 - MENCIÓN DE TITULO |
| Título |
Juan Bosch : |
| Subtítulo |
premio nacional de literatura 1990 / |
| Mención de responsabilidad |
ensayo preliminar Diómedes Núñez Polanco ; cronología y bibliografía Guillermo Piña Contreras ; cuidado de edición Andrés Blanco Díaz. |
| 260 ## - PUBLICACIÓN, DISTRIBUCIÓN, ETC. (PIE DE IMPRENTA) |
| Lugar de publicación, distribución, etc |
Santo Domingo : |
| Nombre del editor, distribuidor, etc. |
Fundación Corripio, |
| Fecha de publicación, distribución, etc |
2001. |
| 300 ## - DESCRIPCIÓN FÍSICA |
| Extensión |
593 p. ; |
| Dimensiones |
26 cm. |
| 490 ## - MENCIÓN DE SERIES |
| Mención de serie |
Premio nacional de literatura |
| 504 ## - NOTA DE BIBLIOGRAFÍA, ETC. |
| Bibliography, etc |
Incluye referencias bibliográficas y notas al pie de las páginas |
| 504 ## - NOTA DE BIBLIOGRAFÍA, ETC. |
| Bibliography, etc |
Incluye bibliografía : [77]-94. |
| 600 14 - ENCABEZAMIENTO DE MATERIA--NOMBRE PERSONAL |
| Nombre personal |
BOSCH, JUAN, |
| Fechas asociadas con el nombre |
1909-2001 |
| Título de una obra |
LA MAÑOSA |
| Subdivisión temática general |
CRÍTICA E INTERPRETACIÓN |
| 600 14 - ENCABEZAMIENTO DE MATERIA--NOMBRE PERSONAL |
| Nombre personal |
BOSCH, JUAN, |
| Subdivisión temática general |
CRONOLOGÍA |
| 650 #4 - ENCABEZAMIENTO DE MATERIA--TEMÁTICO |
| Término temático o nombre geográfico como elemento de entrada |
NOVELA DOMINICANA |
| 650 #4 - ENCABEZAMIENTO DE MATERIA--TEMÁTICO |
| Término temático o nombre geográfico como elemento de entrada |
LITERATURA DOMINICANA |
| 700 1# - ASIENTO SECUNDARIO -- NOMBRE PERSONAL |
| Nombre personal |
Núñez Polanco, Diómedes |
| 700 1# - ASIENTO SECUNDARIO -- NOMBRE PERSONAL |
| Nombre personal |
Piña Contreras, Guillermo |
| 700 1# - ASIENTO SECUNDARIO -- NOMBRE PERSONAL |
| Nombre personal |
Blanco Díaz, Andrés, |
| Mención de responsabilidad |
ed. |
| 830 ## - ASIENTO SECUNDARIO DE SERIE--TÍTULO UNIFORME |
| Nombre de la parte o sección de una obra |
Premio nacional de literatura |
| 930 #1 - EQUIVALENCE OR CROSS-REFERENCE-UNIFORM TITLE HEADING [LOCAL, CANADA] |
| Language of a work |
BND01 |
| Medium of performance for music |
LF1 |
| Field link and sequence number |
20100201 |
| Date of a work |
01 |
| Name of part/section of a work |
CT |
| Miscellaneous information |
9683 |
| 942 ## - ADDED ENTRY ELEMENTS (KOHA) |
| Source of classification or shelving scheme |
Dewey Decimal Classification |
| Koha item type |
Libros |
| 945 ## - INFORMACIÓN DE PROCESAMIENTO LOCAL |
| Información de procesamiento local |
inventariado, 2018 / dg |
| 956 ## - LOCAL ELECTRONIC LOCATION AND ACCESS (OCLC) |
| Nombre de host |
BTAVAREZ |
| Número de acceso |
10 |
| Información de compresión |
20100413 |
| Inicio de sesión |
BND01 |
| Procesador de solicitud |
1058 |
| 956 ## - LOCAL ELECTRONIC LOCATION AND ACCESS (OCLC) |
| Nombre de host |
VMATEO |
| Número de acceso |
10 |
| Información de compresión |
20150423 |
| Inicio de sesión |
BND01 |
| Procesador de solicitud |
00151 |